People by Word Salad Quiz Stats

 Plays Quiz Updated Apr 25, 2012

Challenge
Share
Tweet
Embed
Score 0/30 Timer 10:00
0 Plays Today
Word salad Person % Correct
is philanthropist Microsoft founded is world's the to he hisBill Gates
86.8%
was playwright greatest language dramatist England's Bard works of sonnetsWilliam Shakespeare
82%
was humorist his Finn Novel Tom in later Huckleberry heMark Twain
81.3%
is Secretary the Obama States from the President Bill FirstHillary Clinton
73.8%
was political United 1775 leader in led Great over ConstitutionGeorge Washington
71.2%
was Nazareth identified as Christ canonical Luke virgin conceived theMary
70.3%
was theorist led China 1949 1976 Marxism-Leninism brand now [name]Mao Zedong
68.3%
was ideological the pioneered as mass firmly total India movementMohandas Gandhi
64.9%
was religion regarded messenger the series by prophet Al-Ahzab MuslimsMuhammad
63.4%
was explorer Genoa voyages led of the four several settlementChristopher Columbus
63.3%
was known gin the Industrial economy [name] cotton which ofEli Whitney
63.1%
was and devices around phonograph and light of newspaper ofThomas Edison
63.1%
was singer-songwriter fame founding one successful in music Paul ofJohn Lennon
59.7%
served Africa and African in election was the Sizwe theNelson Mandela
59.5%
is of saint in Divine French victories War for VIIJoan of Arc
57.5%
Word salad Person % Correct
was statesman role of the BC political Pompey Roman theirJulius Caesar
55.8%
was student of writings physics logic biology Plato one foundingAristotle
55.4%
is anthropologist Peace world's [name] her and chimpanzees Park founderJane Goodall
54.7%
was Albanian who Charity 1950 she sick guiding expansion thenMother Teresa
46.2%
reigned the Sovereign 16 death his pontificate served the PopePope John Paul II
45.9%
was leader of I politics century Corsica minor trained inNapoleon Bonaparte
42.1%
was pioneer the the awarded aviatrix the many books andAmelia Earhart
38.4%
was Japan order 1926 1989 of name is by ShōwaHirohito
31.2%
is former in in Mask and other Charlie's of Princess series nominationsCameron Diaz
30%
was the noted range leadership and robust leader and ProgressiveTheodore Roosevelt
29.6%
was Bible and authorship traditionally Rabbenu the Judaism an andMoses
26.3%
was harpsichordist sacred choir drew the it although new prevailingJohann Sebastian Bach
25.5%
is comedian he of show American [name] Massachusetts IrishConan O'Brien
23.8%
was cosmologist science in sciences published papers was of inCarl Sagan
21.5%
is head independent the Kingdom Jamaica Papua Islands Vincent AntiguaElizabeth II
19.5%

You're not logged in!

Compare scores with friends on all Sporcle quizzes.
Join for Free
OR
Log In

You Might Also Like...

Show Comments

Extras

Top Quizzes Today


Score Distribution

Your Account Isn't Verified!

In order to create a playlist on Sporcle, you need to verify the email address you used during registration. Go to your Sporcle Settings to finish the process.

Report this User

Report this user for behavior that violates our Community Guidelines.

Details: